| 000 | 00740nam a2200157 i 4500 | ||
|---|---|---|---|
| 001 | 138889 | ||
| 003 | ES-MaACL | ||
| 005 | 20230906195647.0 | ||
| 007 | t| | ||
| 008 | 070214s1972 sp f |||| | spa d | ||
| 245 | 0 | 3 |
_aEl Santuario de Nuestra Señora del Carmen Extramuros _b: antiguo Monasterio de Ntra. Sra. del Consuelo, de Carmelitas Descalzos, extramuros de la ciudad de Valladolid : su vida y su historia / _cautor y editor, rector del Santuario de Nuestra Señora del Carmen de Extramuros, Valladolid. |
| 260 |
_aValladolid : _b[s. n.], _c1972 ( _fTall. Sever Cuesta) |
||
| 300 |
_a87 p., 4 lám. col. ; _c20 cm. |
||
| 710 | 2 |
_aSantuario de Nuestra Señora del Carmen de Extramuros (Valladolid) _96508 |
|
| 852 |
_aES-MaACL _jC-49591 |
||
| 999 |
_c138889 _d138889 |
||